Statistiques concernant Les personnages dans Mario (Jeu Vidéo)

Cliquez ici pour prendre le quiz!

Statistiques générales

  • Ce quiz a été pris 206 fois
  • Le résultat moyen est 33 sur 165

Statistiques - réponses

Date et jeu de créationPersonnage% Correct
1981 - Donkey KongMario
98%
1983 - Mario BrosLuigi
97%
1985 - Super Mario BrosBowser
95%
1985 - Super Mario BrosPeach
93%
1990 - Super Mario WorldYoshi
92%
1989 - Super Mario LandDaisy
88%
1992 - Super Mario Land 2: 6 Golden CoinsWario
86%
1981 - Donkey KongDonkey Kong
84%
1985 - Super Mario BrosToad
84%
2000 - Mario TennisWaluigi
84%
2007 - Super Mario GalaxyHarmonie
82%
2002 - Super Mario SunshineBowser Jr
78%
1985 - Super Mario BrosKoopa
78%
1988 - Super Mario Bros 3Boo
74%
1985 - Super Mario BrosGoomba
69%
1994 - Donkey Kong CountryDiddy Kong
65%
1995 - Super Mario World 2 : Yoshi's IslandBébé Mario
64%
1995 - Super Mario World 2 : Yoshi's IslandBébé Luigi
63%
2007 - Super Mario GalaxyLuma
62%
2003 - Mario Kart: Double Dash!!Toadette
61%
2001 - Luigi's MansionRoi Boo
58%
1988 - Yume Kōjō: Doki Doki PanicBirdo
55%
1987 - Yume Kojo: Doki Doki PanicMaskass
55%
1995 - Yoshi's IslandKamek
51%
1988 - Super Mario Bros 3Skelerex
51%
1988 - Super Mario Bros 3Ludwig von Koopa
43%
1985 - Super Mario BrosPara Troopa
42%
1988 - Super Mario Bros 3Wendy O. Koopa
41%
1985 - Super Mario BrosLakitu
40%
1988 - Super Mario Bros 3Chain Chomp
39%
2008 - Mario Kart WiiFunky Kong
38%
1987 - Yume Kōjō: Doki Doki PanicBob-Omb
35%
1988 - Super Mario Bros 3Iggy Koopa
35%
1981 - Donkey KongPauline
35%
1985 - Super Mario BrosPlante Piranha
34%
2017 - Super Mario OdysseyCappy
33%
1988 - Super Mario Bros 3Lemmy Koopa
33%
1991 - Super Mario WorldWiggler
33%
2006 - New Super Mario BrosBowser Skelet
32%
2002 - Super Mario SunshineFlora Piranha
32%
1985 - Super Mario BrosCheep-Cheep
29%
1995 - Donkey Kong Country 2Dixie Kong
29%
1996 - Super Mario 64Whomp
29%
1985 - Super Mario BrosBill Ball
27%
2002 - Super Mario SunshinePapy Champi
27%
1996 - Super Mario 64Roi Bob-Omb
27%
1988 - Super Mario Bros 3Thwomp
27%
2001 - Luigi's MansionKarl Tastroff
26%
1995 - Super Mario World 2 : Yoshi's IslandBébé Bowser
25%
1985 - Super Mario BrosBloups
25%
2002 - Super Mario SunshineJ.E.T
24%
1985 - Super Mario BrosFrère Marteau
23%
1981 - Donkey KongCranky Kong
22%
1990 - Dr.MarioDr.Mario
21%
1988 - Super Mario Bros 3Para-Goomba
21%
2002 - Super mario SunshineAntimario
20%
2002 - Super Mario SunshinePianta
20%
2010 - Super Mario Galaxy 2Lubba
19%
2009 - Mario & Luigi : Voyage au centre de BowserGracowitz
18%
1988 - Super Mario Bros 3Morton Koopa
18%
1988 - Super Mario Bros 3Roy Koopa
18%
2000 - Paper MarioSpike
18%
1988 - Super Mario Bros 3Larry Koopa
17%
1999 - Super Smash BrosMétal Mario
16%
1983 - Mario BrosHériss
14%
2017 - Super Mario OdysseyTiara
13%
2013 - Mario & Luigi : Dream Team BrosAntasma
12%
1988 - Super Mario Bros 3Frère Boomerang
12%
1992 - Mario is missingPingouin
12%
2007 - Super Mario GalaxyAbeille
11%
1988 - Super Mario Bros 3Boum Boum
11%
2007 - Super Mario GalaxyLapin Stellaire
11%
1990 - Super Mario WorldBébé Yoshi
10%
2012 - New Super Mario Bros UCarottin
10%
2003 - Mario & Luigi : Superstar SagaGraguémona
10%
1987 - Yume Kojo: Doki Doki PanicPokey
10%
2011 - Super Mario 3D LandPoum Poum
10%
2005 - Mario & Luigi: Partners in TimeXhampi
10%
1990 - Super Mario WorldBill Bourrin
9%
1996 - Super Mario 64Roi Whomp
9%
1985 - Super Mario BrosBruyinsecte
8%
2000 - Paper MarioGoomboss
8%
1990 - Super Mario WorldTaupi Taupe
8%
1996 - Super Mario 64Voyou
8%
2007 - Super Mario GalaxyChocosta
7%
2007 - Super Paper MarioComte Niark
7%
2000 - Paper MarioKammy Koopa
7%
1996 - Super Mario 64Bob-Omb Rose
6%
2007 - Super Mario GalaxyAmp
5%
2009 - Mario & Luigi : Voyage au centre e BowserBowser Noir
5%
2013 - Super Mario 3D WorldFée Libella
5%
2013 - Super Mario 3D WorldPlessie
5%
2007 - Super Mario GalaxyPoulpoboss
5%
2005 - Mario & Luigi: Partners in TimePrincesse Xhampi
5%
1999 - Donkey Kong 64Tiny Kong
5%
2001 - Luigi's MansionBoolossus
4%
1985 - Super Mario BrosMario de feu
4%
1985 - Super Mario BrosPodoboo
4%
2002 - Super Mario SunshineAnguy
3%
2007 - Super Mario GalaxyArachnoboss
3%
2010 - Super Mario Galaxy 2Avalave
3%
2007 - Super Mario GalaxyBegoman
3%
1990 - Super Mario WorldBig Boo
3%
2010 - Super Mario Galaxy 2Billy Banane
3%
2004 - Paper Mario : La Porte MillénaireCruxinistre
3%
2002 - Super Mario SunshineMéga Bloops
3%
1990 - Super Mario WorldOssec
3%
2007 - Super Mario GalaxyPolta
3%
2007 - Super Mario GalaxyPoulba
3%
1996 - Super Mari 64Ukiki
3%
1983 - Mario BrosZarbipas
3%
2002 - Super Mario SunshineCatacouac
2%
1990 - Super Mario WorldMécha Koopa
2%
2005 - Mario & Luigi: Partners in TimeYoob
2%
2010 - Super Mario Galaxy 2Algaçante
1%
2007 - Super Mario GalaxyAnguillon
1%
1996 - Super Mario 64Arayée
1%
1995 - Super mario World 2 : Yoshi's IslandBandit
1%
1990 - Super Mario WorldBlargg
1%
2007 - Super Mario GalaxyBombe Coq
1%
2007 - Super Mario GalaxyCafardo
1%
2010 - Super Mario Galaxy 2Clone chaotique
1%
2002 - Super Mario SunshineCoo Coo
1%
1995 - Super Mario World 2 : Yoshi's islandCotonou
1%
2010 - Super Mario Galaxy 2Croapule
1%
2007 - Super Mario GalaxyCrustina
1%
2004 - Paper Mario : La porte MillénaireCruxitroufion
1%
2013 - Super Mario 3D WorldDécophage
1%
2010 - Super Mario Galaxy 2Elektruc
1%
2010 : Super Mario Galaxy 2Gargantulus
1%
2007 - Super Mario GalaxyGluton
1%
2012 - New Super Mario Bros 2Goomba Squelette
1%
2007 - Super Mario GalaxyJammyfish
1%
2010 - Super Mario Galaxy 2Kiclown
1%
2002 - Super Mario SunshineKlambers
1%
2010 - Super Mario Galaxy 2Patavert
1%
2000 - Paper MarioPfff Haaa
1%
2009 - New Super Mario Bros WiiPinglisse
1%
2000 - Paper MarioPiranha Lave
1%
2012 - New Super Mario Bros 2Plante Piranha Squelette
1%
2009 - New Super Mario bros WiiPokey Sphérique
1%
1995 - Super Mario World 2 : Yoshi's IslandPouss'Pot
1%
1990 - Super Mario WorldReznor
1%
2010 - Super Mario Galaxy 2Robomarto
1%
2007 - Super Mario GalaxyRonce Piranha
1%
2013 - Luigi's Mansion 2Sacripon
1%
2007 - Super Mario GalaxySkaraboss
1%
2010 - Super Mario Galaxy 2Sorbetti
1%
2017 - Super Mario OdysseyStarbag
1%
1990 - Super Mario WorldSwooper
1%
2010 - Super Mario Galaxy 2Tatouboul
1%
2010 - Super Mario Galaxy 2Twirlip
1%
1995 - Super Mario World 2 : Yoshi's IslandUltra Piranha
1%
1995 - Super Mario World 2 : Yoshi's IslandBarney Bubble
0%
2010 - Super Mario Galaxy 2Bidosaute
0%
1983 - Mario BrosCarapeur
0%
2000 - Paper MarioFanto'lanterne
0%
1988 - Super Mario Bros 3Frère Forgeron
0%
1995 - Super Mario Wolrd 2 : Yoshi's IslandGros Machallow
0%
2000 - Paper MarioKoopa Bros
0%
1995 - Super Mario World 2 : Yoshi's IslandKoopa Géant
0%
1988 - Super Mario Bros 3Plante Piranha géante
0%
2002 - Super Mario SunshinePlungedo
0%
2010 - Super Mario Galaxy 2Ronce Piranha noire
0%
2000 - Paper MarioTubba Blubba
0%

Distribution des résultats

Percentile par nombre de réponses

% des personnes avec chaque résultat

Votre développement - résultats

Vous n’avez pas pris ce quiz